000 nam a22 7a 4500
999 _c7855
_d7855
008 171028b xxu||||| |||| 00| 0 eng d
100 _aSingh
_94326
245 _aSocial Science-VIII
260 _aNew delhi